<?xml version="1.0" encoding="UTF-8"?>
<collection xmlns="http://www.loc.gov/MARC21/slim">
 <record>
  <leader>01671nam a2200217Ia 4500</leader>
  <controlfield tag="001">CTU_172889</controlfield>
  <controlfield tag="008">210402s9999    xx            000 0 und d</controlfield>
  <datafield tag="020" ind1=" " ind2=" ">
   <subfield code="c">18</subfield>
  </datafield>
  <datafield tag="082" ind1=" " ind2=" ">
   <subfield code="a">333.335</subfield>
  </datafield>
  <datafield tag="082" ind1=" " ind2=" ">
   <subfield code="b">F686</subfield>
  </datafield>
  <datafield tag="110" ind1=" " ind2=" ">
   <subfield code="a">Food and Agriculture Organization of the United Nations</subfield>
  </datafield>
  <datafield tag="245" ind1=" " ind2="0">
   <subfield code="a">Opportunities to mainstream land consolidation in rural development programmes of the European Union</subfield>
  </datafield>
  <datafield tag="245" ind1=" " ind2="0">
   <subfield code="c">Food and Agriculture Organization of the United Nations</subfield>
  </datafield>
  <datafield tag="260" ind1=" " ind2=" ">
   <subfield code="a">Rome</subfield>
  </datafield>
  <datafield tag="260" ind1=" " ind2=" ">
   <subfield code="b">Food and Agriculture Organization of the United Nations</subfield>
  </datafield>
  <datafield tag="260" ind1=" " ind2=" ">
   <subfield code="c">2008</subfield>
  </datafield>
  <datafield tag="520" ind1=" " ind2=" ">
   <subfield code="a">This guide provides an interpretation of the EU's Rural Development Programme for 2007-13, but the legally binding basis for the EU's rural development policies and programmes are te relevant EC regulations. Policy-makers and stakeholders interested in rural development in general and land consolidation activities in particular should identify the challenges facing them and formulate appropriate policy interventions to meet those challenges through the proper communication channels with the EU member states, land consolidation should be included in their Rural Development Programme for 2007-13.</subfield>
  </datafield>
  <datafield tag="650" ind1=" " ind2=" ">
   <subfield code="a">Rural development,Consolidation of land holdings,Land tenure,Phát triển nông thôn,Sở hữu đất đai,Quyền sử dụng đất</subfield>
  </datafield>
  <datafield tag="650" ind1=" " ind2=" ">
   <subfield code="z">European Union countries,European Union countries,European Union countries,Các nước Liên minh châu Âu,Các nước Liên minh châu Âu,Các nước Liên minh châu Âu</subfield>
  </datafield>
  <datafield tag="904" ind1=" " ind2=" ">
   <subfield code="i">Tho, Hồng Cẩm, Năm</subfield>
  </datafield>
  <datafield tag="980" ind1=" " ind2=" ">
   <subfield code="a">Trung tâm Học liệu Trường Đại học Cần Thơ</subfield>
  </datafield>
 </record>
</collection>
